00587 2200205 4500001002100000005001700021008004100038020001800079035002400097082001100121090001700132100001300149245006300162260003900225300002600264500003100290650003000321990001500351990001500366YOGYA-0512000000066820120528000053.0 ind  a979-8035-36-4 0010-051200000000668 a808.02 a808.02 Mus P aMUSTAKIM aPenggunaan bahasa yang efektif dalam karya tuliscMustakim aJakartabAkademika Pressindoc1990 aviii, iii hlm.b20 cm aBibliografi : hlm. 102-103 aKesusasteraan-Aneka ragam a47689-P/94 a47689-P/94